Statistiques concernant Meilleurs buteurs de l'histoire des clubs historiques

Cliquez ici pour prendre le quiz!

Statistiques générales

  • Ce quiz a été pris 254 fois
  • Le résultat moyen est 5 sur 21

Statistiques - réponses

ÉquipeMeilleur Buteur% Correct
Réal MadridCristiano Ronaldo
97%
FC BarceloneLionel Messi
92%
Benfica LisbonneÉusebio
65%
ArsenalThierry Henry
64%
ChelseaFrank Lampard
34%
Paris Saint-GermainEdinson Cavani
25%
Bayern MunichGerd Muller
24%
Manchester CitySergio Aguero
21%
Manchester UnitedWayne Rooney
18%
JuventusAlessandro del Piero
16%
AS RomeFrancesco Totti
16%
AJAX AmsterdamJohan Cruyff
9%
LiverpoolIan Rush
8%
Internazionale MilanGiuseppe Meazza
4%
AtléticoLuis Aragones
4%
AC MilanGunnar Nordahl
2%
Tottenham HotspurJimmy Greaves
1%
BVB DortmundAlfred Preissler
0%
FC PortoFernando Gomes
0%
Celtic GlasgowJimmy McGrory
0%
Olympique de MarseilleLouis de Maréville
0%

Distribution des résultats

Percentile par nombre de réponses

% des personnes avec chaque résultat

Votre développement - résultats

Vous n’avez pas pris ce quiz